Malcolm's Martians: Exploring Mars: Terror Forming Mars: The Journey Back Home /

As an adventurous team prepares to return to Earth from Mars, they break down their camp and make notes about how to improve the livable conditions of Mars for both future explorers and long-term sustainable life. The subject of terraforming intrigues Malcolm, and through this lesson, he imagines th...

Full description

Bibliographic Details
Corporate Author: Library Pass, LLC
Other Authors: Burns, Jason M. (writer.)
Format: eBook
Language:English
Published: [United States] : Cherry Lake Publishing Group, 2022.
Subjects:
Online Access:Connect to this electronic book (First time users create your free account)

MARC

Tag First Indicator Second Indicator Subfields
LEADER 00000nmm a22000001a 4500
001 in00004612721
006 m|||||o||m||||||||
007 cr|cn |||uuuuu
008 221118s2022 xxu||||co|||| ||||||eng d
005 20221207214211.3
035 |a (TxWaIVM)IV87987ChMa 
040 |a TxWaIVM  |c TxWaIVM 
245 0 0 |a Malcolm's Martians: Exploring Mars: Terror Forming Mars: The Journey Back Home /  |c powered by Library Pass. 
260 3 |a [United States] :  |b Cherry Lake Publishing Group,  |c 2022. 
300 |a 1 online resource. 
336 |a text  |b txt  |2 rdacontent 
337 |a computer  |b c  |2 rdamedia 
338 |a online resource  |b cr  |2 rdacarrier 
520 |a As an adventurous team prepares to return to Earth from Mars, they break down their camp and make notes about how to improve the livable conditions of Mars for both future explorers and long-term sustainable life. The subject of terraforming intrigues Malcolm, and through this lesson, he imagines the kinds of Mars insects that would find their way into future homes, much like the spiders and ants of Earth today. This STEAM-focused and story-driven graphic novel includes Mars facts and survival tips as well as in-depth content on animal adaptation and behavior. Backmatter includes an activity page and character information. 
521 |a 5 
538 |a Requires a valid library card and registration for new users. 
538 |a Mode of access: World Wide Web. 
538 |a System requirements: Flash 10.1 or higher, Windows XP and higher, Internet Explorer 7 and higher, Firefox 3.6 and higher, Google Chrome; Max OS 10.5 and higher, Safari 4 and higher. 
650 0 |a Comic books, strips, etc. 
655 7 |a Electronic books.  |2 local 
655 7 |a Comic books, strips, etc.  |2 gsafd 
650 0 |a Comic books, strips, etc. --Education 
655 7 |a Comic books, strips, etc. --Education  |2 gsafd 
650 0 |a S.T.E.M./S.T.E.A.M. 
655 7 |a S.T.E.M./S.T.E.A.M.  |2 gsafd 
650 0 |a Science fiction comic books, strips, etc. 
655 7 |a Science fiction comic books, strips, etc.  |2 gsafd 
650 0 |a Techniques 
655 7 |a Techniques  |2 gsafd 
700 1 |a Burns, Jason M..  |e writer. 
700 1 |a Evans, Dustin.  |e artist. 
710 2 |a Library Pass, LLC. 
856 4 0 |u http://proxy.library.tamu.edu/login?url=https://tamu.librarypass.com/product/cherry.lake.publishing.group.malcolms.martians.exploring.mars.terrorforming.mars.th.english.03282022  |z Connect to this electronic book (First time users create your free account)  |t 0 
955 |a Comics Plus. 
999 f f |s de656773-bd63-4425-ade2-b74c3e8e79f1  |i efbcff12-2404-4a60-bce3-ac0107af3899  |t 0 
952 f f |a Texas A&M University  |b College Station  |c Electronic Resources  |d Available Online  |t 0  |h Library of Congress classification 
998 f f |t 0  |l Available Online